1848 (Record no. 144357)

MARC details
000 -LEADER
campo de control de longitud fija 00737nam a2200229 4500
001 - NÚMERO DE CONTROL
campo de control 144357
003 - IDENTIFICADOR DE NÚMERO DE CONTROL
campo de control ES-MaACL
005 - FECHA Y HORA DE LA ÚLTIMA TRANSACCIÓN
campo de control 20230906201012.0
007 - CAMPO FIJO DE DESCRIPCIÓN FÍSICA--INFORMACIÓN GENERAL
campo de control de longitud fija t|
008 - DATOS DE LONGITUD FIJA--INFORMACIÓN GENERAL
campo de control de longitud fija 070214s1977 sp r ||||1| spa d
100 1# - ENTRADA PRINCIPAL--NOMBRE DE PERSONA
Nombre de persona Sigmann, Jean.
9 (RLIN) 106308
245 10 - MENCIÓN DEL TÍTULO
Título 1848
Resto del título : las revoluciones románticas y democráticas de Europa /
Mención de responsabilidad, etc. Jean Sigmann ; traducción de Víctor Testa.
250 ## - MENCION DE EDICION
Mención de edición 1ª. ed.
260 ## - PUBLICACIÓN, DISTRIBUCIÓN, ETC.
Lugar de publicación, distribución, etc. Madrid :
Nombre del editor, distribuidor, etc. Siglo Ventiuno,
Fecha de publicación, distribución, etc. 1977.
300 ## - DESCRIPCIÓN FÍSICA
Extensión 305 p. ;
Dimensiones 20 cm.
490 1# - MENCIÓN DE SERIE
Mención de serie Historia de los movimientos sociales
700 1# - ENTRADA AGREGADA--NOMBRE PERSONAL
Nombre de persona Testa, Víctor.
9 (RLIN) 109829
830 0# - PUNTO DE ACCESO ADICIONAL DE SERIE-TÍTULO UNIFORME
Título uniforme Historia de los movimientos sociales
9 (RLIN) 180737
852 ## - LOCALIZACIÓN
Ubicación ES-MaACL
Número de control de estantería E-225
Sublocalización o colección R.100826
852 ## - LOCALIZACIÓN
Ubicación ES-MaACL
Número de control de estantería A-6581
Sublocalización o colección R.95691
Holdings
Estatus retirado Estado de pérdida Estado de daño No para préstamo Biblioteca de origen Biblioteca actual Ubicación en estantería Fecha de adquisición Fuente de adquisición Total de préstamos Signatura topográfica completa Código de barras Visto por última vez Precio de reemplazo Tipo de ítem Koha
        Biblioteca del Ateneo de Madrid Biblioteca del Ateneo de Madrid Sala Pecera Planta 1 17/01/2008     A-6581 1150193 23/02/2023 23/02/2023 Libro impreso
        Biblioteca del Ateneo de Madrid Biblioteca del Ateneo de Madrid Depósito 2 17/01/2008     E-225 1150192 23/02/2023 23/02/2023 Libro impreso